000 00680nam a2200253Ia 4500
003 OSt
005 20220912145112.0
006 a|||||r|||| 00| 0
007 ta
008 220909b |||||||| |||| 00| 0 eng d
024 _a66279
037 _cTextual
040 _aCSL
_beng
_cCSL
041 _aeng
082 _aB280aS, L2
100 _aLevine Guslav
245 0 _aMathematical model techniques for learning theories
260 _aNew York
_bAcademic Press
_c1972
300 _axii,288p.
_ccm.
650 _aStochastic process
700 _a Burke C.J.
942 _hB280aS, L2
_cTEXL
_2CC
999 _c23225
_d23225